Представление документа в формате RUSMARC

ПолеНазваниеЗначение
  Тип записи a
  Библиографический уровень m
001 Контрольный номер SKBR/7f22d4a2-b321-4514-9912-0abc8f3d3476
005 Дата корректировки 20260518120242.6
010 Индекс ISBN __
a ISBN 978-5-04-095863-4
9 Тираж 1500 экз.
b Уточнения в пер.
d Цена 573-02
035 Другие системные номера __
a Идентификатор записи RU\NLR\BIBL_A\012878726
100 Данные общей обработки __
a Данные общей обработки 20260513d2025 m y0rusy028902 ca
101 Язык документа 1_
a Язык текста rus
102 Страна публикации __
a Страна публикации RU
105 Кодированные данные (монография) __
a Кодированные данные (монография) y z 000yy
181 Поле кодированных данных: вид содержания _0
a Код вида содержания (ISBD) i
182 Поле кодированных данных: тип средства _0
a Код типа средства (ISBD) n
200 Заглавие и сведения об ответственности 1_
a Заглавие Когда все рушится
e Сведения, относящиеся к заглавию сердечный совет в трудные времена
f Первые сведения об ответственности Пема Чодрон
g Последующие сведения об ответственности [перевод с английского А. А. Мелиховой]
203 Вид содержания и тип средства __
a Вид содержания Текст
c Тип средства непосредственный
210 Выходные данные 1_
a Место издания Москва
c Издательство Эксмо
d Дата издания 2025
215 Физическое описание __
a Объем 222 с.
d Формат 22 см
225 Серия 1_
a Серия Великие учителя современности
320 Библиография __
a Библиография Библиография: с. 221-222
330 Аннотация __
a Аннотация Как жить во времена, когда вся жизнь рушится, и как совладать с душевной болью, рассказывает в своем бестселлере буддийская монахиня, американка Пема Чодрон. Основываясь на поучениях своих учителей - легендарных мастеров медитации и практиков тибетского буддизма, автор дает конкретные рекомендации, способные помочь в самые трудные моменты жизни.
333 Примечание о целевом назначении __
a Примечание о целевом назначении 16+. Для детей старше 16 лет
454 Оригинал _0
1 2001
a When Things Fall Apart: Heart Advice for Difficult Times
1 700 1
a Chodron
b P.
g Pema
517 Другие варианты заглавия 1_
a Другие варианты заглавия Когда всё рушится
540 Дополнительное заглавие, сделанное каталогизатором 10
a Дополнительное заглавие, сделанное каталогизатором Сердечный совет в трудные времена
606 Тематические рубрики __
2 Код системы nlr_sh
a Основная рубрика Религия. Мистика. Свободомыслие
606 Тематические рубрики __
2 Код системы nlr_sh
a Основная рубрика Буддизм
610 Ключевые слова 0_
a Ключевые слова буддизм
610 Ключевые слова 0_
a Ключевые слова тибетский буддизм
610 Ключевые слова 0_
a Ключевые слова духовные практики
610 Ключевые слова 0_
a Ключевые слова медитация
610 Ключевые слова 0_
a Ключевые слова саморазвитие
610 Ключевые слова 0_
a Ключевые слова личностный рост
610 Ключевые слова 0_
a Ключевые слова душевное равновесие
686 Индексы других классификаций __
a Классификационный индекс 86.353.1
2 Код системы rubbks
700 Автор _1
a Фамилия Чодрон
b Имя П.
f Даты 1936-
g Полное личное имя Пема
4 Код отношения 070
702 Вторичная интеллектуальная ответственность _1
a Фамилия Мелихова
b Имя А. А.
4 Код отношения 730
801 Источник записи _0
a Страна RU
b Организация NLR
c Дата составления 20220831
g Правила каталогизации PSBO
801 Источник записи _1
a Страна RU
b Организация NLR
c Дата составления 20220831
g Правила каталогизации PSBO
801 Источник записи _2
a Страна RU
b Организация NLR
c Дата составления 20221201
2 Код формата rusmarc
g Правила каталогизации PSBO
852 Данные о местонахождении __
i Авторский знак Ч-75
j Шифр хранения 86.353.1
900 Макрообъекты __
a Макрообъекты Когда все рушится. Чодрон, П., 2026
901 Тип документа __
a Ответственный КиК/Обаева
t Тип документа m
901 Тип документа __
a Ответственный 6 партия
903 Характеристики (МАРС) __
a Дата передачи 20260513
c Наименование библиотеки (МАРС) Муниципальное бюджетное учреждение культуры "Централизованная библиотечная система" г. Сургут (Центральная городская библиотека им. А. С. Пушкина)
990 Данные о заказе (DOS) __
j Количество экземпляров (DOS) 1
t N записи в КСУ для И/У (DOS) 202606